000
00256nam a22001097a 4500
008
170119b xxu||||| |||| 00| 0 eng d
020
_a
9780130941558
041
_a
eng
080
_a
618.2
245
_a
GERONTOLOGICAL NURSING
_c
TABLOSKI, P.A
942
_2
udc
_c
BK
999
_c
3152
_d
3152